Predicción de colisiones de aves contra torres eólicas en Rivas, Nicaragua, antes de su construcción, 2010-2011
La investigación consiste en cuyo propósito desarrollar un modelo basado en un índice de vulnerabilidad de aves (IVA) para especies migratorias y residentes propuestas a impactar con torres eólicas en la eta de preconstrucción comenzando por determinar los criterios e indicadores necesarios par...
| Main Author: | |
|---|---|
| Other Authors: | |
| Format: | Tesis Section = Libro |
| Language: | Undetermined Spanish |
| Published: |
Nicaragua
UNI
2020
|
| Subjects: |
| LEADER | 01715nam a2200277Ia 4500 | ||
|---|---|---|---|
| 008 | 240830s9999 xx 000 0 und d | ||
| 040 | |a BIBLIOTECA-RUSB/ M.Mon 333.72 Z86 | ||
| 041 | |a spa | ||
| 082 | |a M.Mon 333.72 Z86 | ||
| 100 | 1 | |a Zolotoff Pallais, José Manuel | |
| 245 | 1 | 0 | |a Predicción de colisiones de aves contra torres eólicas en Rivas, Nicaragua, antes de su construcción, 2010-2011 |
| 260 | |a Nicaragua |b UNI |c 2020 | ||
| 300 | |a 66 p. :il. | ||
| 500 | |a Contiene: anexos. | ||
| 502 | |a Tesis (Master en Ciencias Ambientales) - UNI, 2020 | ||
| 520 | 3 | |a La investigación consiste en cuyo propósito desarrollar un modelo basado en un índice de vulnerabilidad de aves (IVA) para especies migratorias y residentes propuestas a impactar con torres eólicas en la eta de preconstrucción comenzando por determinar los criterios e indicadores necesarios para el modelo en función de una serie de parámetros relacionados con el campo, tal como comportamiento ecológico relativo a las especies tomados en el campo, así como factores como estado de conservación y biología de la especie. Una vez tomado el IVA de cada especie se procedió a realizar un Mapa de vulnerabilidad potencial (MVP) por cada zona de monitoreo donde se colocarán las torres para determinar cuáles de estas localidades o sitio s pueden presentar peligro de colisión. | |
| 650 | 7 | |a GESTION AMBIENTAL | |
| 650 | 7 | |b CAMBIOS CLIMATICOS-NICARAGUA | |
| 650 | 7 | |c ENERGIA EOLICA-NICARAGUA | |
| 650 | 7 | |d MIGRACION DE AVES | |
| 650 | 7 | |e INDICADORES ECOLOGICOS | |
| 650 | 7 | |f INDICE DE VULNERABILIDAD DE AVES. | |
| 700 | 1 | |a Tutor: |b Mijail Pérez, Antonio | |
| 942 | |c BK |2 ddc | ||
| 991 | |a TESIS | ||
| 999 | |c 27237 | ||